000 00574nam a2200205Ia 4500
005 20250508165131.0
008 008 250505s9999 xx 000 0 eng d
020 _a81-902094-4-2
037 _aTextual
040 _aFEDL
_beng
_cFEDL
041 _aeng
_2eng
084 _a293.3, CHA
_qFEDL
100 _aChakravarti Uma
245 0 _aSocial philosophy of Buddhism and the problem of inequality
260 _aNew Delhi, India
_bCritical Quest
_c2007
300 _a32p.
365 _aINR
_b25
942 _cTEXL
_h293.3, CHA
999 _c1393334
_d1393334